| 000 | 00352 a2200121 4500 | ||
|---|---|---|---|
| 000 | nam a22 7a 4500 | ||
| 005 | 20260410121342.0 | ||
| 020 | _a9788173043970 | ||
| 100 | _aRanabir Samaddar | ||
| 245 | _aPeace As Process: Reconciliation and Conflict Resolution in South Asia | ||
| 260 |
_bManohar Publishers & Distributors _c2026 |
||
| 942 | _cTEXL | ||
| 999 |
_c1848220 _d1848220 |
||